000
00291nam a22001337a 4500
008
170330b xxu||||| |||| 00| 0 eng d
020
_a
0815165870
041
_a
eng
080
_a
616-053.2
100
_a
8
101
_a
shm
245
_a
YEAR BOOK OF PEDIATRICS
_c
STOCKMAN
942
_2
udc
_c
BK
999
_c
9115
_d
9115